Normal view
MARC view
Entry Personal Name
001 - CONTROL NUMBER
- control field: 49540
003 - CONTROL NUMBER IDENTIFIER
- control field: dpl
005 - DATE AND TIME OF LATEST TRANSACTION
- control field: 20120626121321.0
008 - FIXED-LENGTH DATA ELEMENTS
- fixed length control field: 120626|||a|||||| | ||| d
040 ## - CATALOGING SOURCE
- Original cataloging agency: dpl
- Transcribing agency: dpl
100 ## - HEADING--PERSONAL NAME
- Personal name: गुहा, रामचंद्र
670 ## - SOURCE DATA FOUND
- Source citation: Work cat.: (dpl)68175: गुहा, रामचंद्र, भारत नेहरू के बाद;, 2012
670 ## - SOURCE DATA FOUND
- Source citation: Work cat.: (dpl)68175: गुहा, रामचंद्र, भारत नेहरू के बाद;, 2012
